00573nam a22001695i 4500001000700000003000900007005001700016008004100033080001700074100002600091245005900117260005200176300002000228505009500248650003500343852002500378175876ES-MaACL20230906215933.0101126s1958 sp |||| | spa d a811.131.1'361 aPetroccione, Alfredo.10aNovisima gramática italiana / cAlfredo Petroccione. aMadrid : bEditorial Románica, c[s.a.]-1958. a2 v. ; c20 cm.80aContiene: I: Prosodia.- Ortografía.- Morfología.- II: Léxico.- Síntaxis.- Cultura04aLengua italiana-xGramática. aES-MaACLjE-13698-99